| 000 | 00648nam a22002057a 4500 | ||
|---|---|---|---|
| 005 | 20250707144740.0 | ||
| 010 | _aENG-145756 | ||
| 020 |
_a9789361592041 _c380.00 |
||
| 035 | _aEN-129288 | ||
| 037 | _bDBAD | ||
| 082 |
_a540 _21 |
||
| 100 |
_aGupta, Shalendra _982689 |
||
| 245 |
_aNTA CUET UG 2025: _bEconomics/ _cShalendra Gupta [and] Prashant Jain |
||
| 250 | _a1 | ||
| 260 |
_aNoida _bPearson India Education _c2025 |
||
| 270 |
_a15th Floor, Towe-B, World Trade Tower, Plot No.1, Block-C, Sector-16 _bNoida _e201301 |
||
| 300 |
_avpp. _c23cm(pb) |
||
| 700 |
_aJain, Prashant _eAuthor _982690 |
||
| 942 |
_2ddc _cEN _h540 _mGUP |
||
| 999 |
_c212178 _d212178 |
||